| 000 | 01165naa a22003377a 4500 | ||
|---|---|---|---|
| 001 | BR9301974 | ||
| 003 | BR-BrBNA | ||
| 005 | 20240918181042.0 | ||
| 007 | ta | ||
| 008 | 230509b bl.||||| |||| 00| 0 por d | ||
| 040 |
_aBR-BrBNA _bpor _cBiblioteca Nacional de Agricultura |
||
| 041 | _a(Pt) | ||
| 072 |
_aL02 _b1112 _b5200 _b8951 |
||
| 090 | _aL02 BR9301974 | ||
| 100 | 1 | _aAndrade, P. de | |
| 111 | 1 |
_a1. Simposio Brasileiro sobre Bananicultura _cJaboticabal, SP (Brazil) _d3-7 Dec 1984 |
|
| 245 | 1 | _aAproveitamento de sub-produtos da bananeira na alimentacao de ruminantes | |
| 260 | 3 |
_aJaboticabal, SP (Brasil): _c1984. |
|
| 500 | _aAnais do 1. Simposio Brasileiro sobre Bananicultura Jaboticabal, SP (Brasil): 1984. p. 405-418 (BR9301974-AM)L02 | ||
| 650 | _aBanana | ||
| 650 | _aRuminante | ||
| 650 | _aSubproduto | ||
| 650 | _aForragem | ||
| 650 | _aNutricao Animal | ||
| 650 | _aNitrogenio | ||
| 650 | _aDigestibilidade | ||
| 650 | _aRendimento | ||
| 773 | 0 |
_tAnais do 1. Simposio Brasileiro sobre Bananicultura _wL02 BR9301974 _gJaboticabal, SP (Brasil), 1984. p. 405-418 |
|
| 909 |
_a202404 _bLucia _c55 _dLucia Elande |
||
| 942 |
_cAM _2AGRIS |
||
| 999 |
_c323372 _d323372 |
||